000
00276 a2200121 4500
001
38542
082
_a
604.2EID
090
_c
24446
_d
24446
100
_a
Eide A.R
245
_a
engineering graphic fundamentals, 2/e
250
_a
2
260
_a
Singapore
_b
McGraw Hill
_c
1996
942
_a
NUST-CAE
_k
604.2EID
999
_c
273615
_d
273615